Normal view
MARC view
Entry Personal Name
001 - CONTROL NUMBER
- control field: 40064
003 - CONTROL NUMBER IDENTIFIER
- control field: OSt
005 - DATE AND TIME OF LATEST TRANSACTION
- control field: 20220602113135.0
008 - FIXED-LENGTH DATA ELEMENTS
- fixed length control field: 220602|| aca||aabn | a|a d
040 ## - CATALOGING SOURCE
- Original cataloging agency: OSt
- Transcribing agency: OSt
100 ## - HEADING--PERSONAL NAME
- Personal name: FOLEY (James D) and others
670 ## - SOURCE DATA FOUND
- Source citation: Work cat.: (OSt)105332: FOLEY (James D) and others., Computer graphics principles and practice, 2002